| 000 | 00919nam a2200253 i 4500 | ||
|---|---|---|---|
| 003 | DO-SdBNP | ||
| 005 | 20230613093335.0 | ||
| 007 | ta | ||
| 008 | 230613b2021 dr a|||| |||| 00| 0 spa d | ||
| 020 | _a9789945913491 | ||
| 040 |
_aDO-SdBNP _bspa _cBNPHU _erda |
||
| 082 | 4 | _222 | |
| 100 |
_9185 _aCañete Alonso, Rosa _eautor |
||
| 245 | 0 | 0 |
_aComunidades de acuerdo : _bconstruyendo una política nacional de cuidados con los actores del territorio / _cRosa Cañete Alonso ; edición y corrección, Aimara Vera |
| 264 |
_aSanto Domingo : _bMinisterio de Economía, Planificacióm y Desarrollo, _c2021. |
||
| 300 |
_a141 páginas : _bilustraciones ; _c28 cm. |
||
| 336 |
_2rdacontent _atexto _btxt |
||
| 337 |
_2rdamedia _asin mediación _bn |
||
| 338 |
_2rdacarrier _avolumen _bnc |
||
| 590 | _aInventariado, 2023/BT | ||
| 700 | 1 |
_aVera, Aimara, _eedición y corrección _977925 |
|
| 910 | _aBtavárez | ||
| 942 |
_2ddc _cLBS1 |
||
| 999 |
_c53784 _d53784 |
||